000 00535nam a2200205Ia 4500
005 20250923145855.0
008 008 250917s9999 xx 000 0 eng d
037 _aTextual
040 _aDSWL
_beng
_cDSWL
041 _aeng
_2eng
084 _aY15v2, N92
_qDSWL
100 _aDesai, T.
_9839822
245 0 _aWomen in India
_cby T. Desai
260 _b Munohiran Mealexld
_c1992
300 _aviii,161p.
365 _aINR
_b200.00
925 _g200.00
942 _cTEXL
_hY15v2, N92
999 _c1456781
_d1456781